000 00914nam a2200181Ia 4500
008 151202s9999||||xx |||||||||||||| ||und||
082 _bPNVM-74658
100 _aअंबिके मनोज.
245 _a"पॉवर ऑफ कॉन्फिडन्स-अकरा सूत्रे,पाच पायर्‍या, तीन रहस्य."
260 _b"मिरर पब्लिशिंग,पुणे."
260 _c74658
300 _a160
600 _aअंबिके मनोज.
630 _a"पॉवर ऑफ कॉन्फिडन्स-अकरा सूत्रे,पाच पायर्‍या, तीन रहस्य."
700 _aअंबिके मनोज.
730 _a"पॉवर ऑफ कॉन्फिडन्स-अकरा सूत्रे,पाच पायर्‍या, तीन रहस्य."
942 _cBOOK
999 _c1341318
_d1341315